English records: a companion to the history of England (Record no. 433503)

000 -LEADER
fixed length control field 00394cam a22001217a 4500
008 - FIXED-LENGTH DATA ELEMENTS--GENERAL INFORMATION
fixed length control field 180718b1894 xxu||||| |||| 00| 0 eng d
082 ## - DEWEY DECIMAL CLASSIFICATION NUMBER
Classification number A6x42 M292
100 ## - MAIN ENTRY--PERSONAL NAME
Personal name Malden, Henry Elliot
245 ## - TITLE STATEMENT
Title English records: a companion to the history of England
Statement of responsibility, etc. by Henry Elliot Malden
260 ## - PUBLICATION, DISTRIBUTION, ETC.
Place of publication, distribution, etc. London
Name of publisher, distributor, etc. Methuen
Date of publication, distribution, etc. 1894
300 ## - PHYSICAL DESCRIPTION
Extent 239p.
650 ## - SUBJECT ADDED ENTRY--TOPICAL TERM
Topical term or geographic name entry element Great Britain - History - Putlines, Syllabi, etc.
Holdings
Withdrawn status Lost status Damaged status Not for loan Permanent Location Current Location Date acquired Full call number Barcode Date last seen Price effective from Koha item type
        Indian Institute of Public Administration Indian Institute of Public Administration 2010-02-09 A6x42 M292 A577 2018-07-21 2018-07-21 A

Powered by Koha